Résultats des pays organisateurs de la Coupe du monde de football (depuis 1978) - Statistiques

Statistiques générales
  • Ce quiz a été pris 249 fois
  • Le résultat moyen est 51 sur 63
Statistiques - réponses
Edition Parcours Organisateur Match Score % Correct
1982 2e tour Espagne Allemagne 1-2
98%
1986 Quarts de finale Mexique Allemagne 0-0 (1-4 tab)
98%
2002 Demi-finale Corée du Sud Allemagne 0-1
98%
2014 Demi-finale Brésil Allemagne 1-7
98%
1978 Finale Argentine Pays-Bas 3-1 a.p.
98%
2014 Troisième place Brésil Pays-Bas 0-3
98%
1978 1er tour Argentine Italie 0-1
96%
1998 Quarts de finale France Italie 0-0 (4-3 tab)
96%
2002 Huitièmes de finale Corée du Sud Italie 2-1 a.p.
96%
2006 Demi-finale Allemagne Italie 0-2 a.p.
96%
1978 2e tour Argentine Brésil 0-0
95%
1994 Huitièmes de finale Etats-Unis Brésil 0-1
95%
1998 Finale France Brésil 3-0
95%
1978 1er tour Argentine France 2-1
94%
2010 1er tour Afrique du Sud France 2-1
94%
2010 1er tour Afrique du Sud Mexique 1-1
93%
2014 1er tour Brésil Mexique 0-0
93%
1998 Demi-finale France Croatie 2-1
92%
2014 1er tour Brésil Croatie 3-1
92%
1990 Huitièmes de finale Italie Uruguay 2-0
91%
2010 1er tour Afrique du Sud Uruguay 0-3
91%
2002 Quarts de finale Corée du Sud Espagne 0-0 (5-3 tab)
90%
2002 1er tour Corée du Sud Portugal 1-0
90%
2006 Troisième place Allemagne Portugal 3-1
90%
1994 1er tour Etats-Unis Colombie 2-1
88%
2014 Quarts de finale Brésil Colombie 2-1
88%
2014 Huitièmes de finale Brésil Chili 1-1 (3-2 tab)
85%
1982 2e tour Espagne Angleterre 0-0
83%
1990 Troisième place Italie Angleterre 2-1
83%
1998 1er tour France Danemark 2-1
83%
1986 1er tour Mexique Paraguay 1-1
83%
1998 Huitièmes de finale France Paraguay 1-0 b.e.o.
83%
2006 Huitièmes de finale Allemagne Suède 2-0
83%
1990 Demi-finale Italie Argentine 1-1 (3-4 tab)
82%
2006 Quarts de finale Allemagne Argentine 1-1 (4-2 tab)
82%
2002 1er tour Japon Russie 1-0
82%
2002 Troisième place Corée du Sud Turquie 2-3
82%
2002 Huitièmes de finale Japon Turquie 0-1
82%
1990 1er tour Italie Etats-Unis 1-0
81%
2002 1er tour Corée du Sud Etats-Unis 1-1
81%
1986 1er tour Mexique Belgique 2-1
80%
2002 1er tour Japon Belgique 2-2
80%
2014 1er tour Brésil Cameroun 4-1
80%
1998 1er tour France Arabie saoudite 4-0
78%
1998 1er tour France Afrique du Sud 3-0
76%
1982 1er tour Espagne Yougoslavie 2-1
75%
1978 2e tour Argentine Pologne 2-0
73%
2002 1er tour Corée du Sud Pologne 2-0
73%
2006 1er tour Allemage Pologne 1-0
73%
1994 1er tour Etats-Unis Suisse 1-1
73%
1978 1er tour Argentine Hongrie 2-1
68%
1990 Quarts de finale Italie Irlande 1-0
67%
1978 2e tour Argentine Pérou 6-0
66%
1990 1er tour Italie Tchécoslovaquie 2-0
65%
2006 1er tour Allemagne Costa Rica 4-2
63%
1986 Huitièmes de finale Mexique Bulgarie 2-0
60%
1990 1er tour Italie Autriche 1-0
57%
2006 1er tour Allemagne Equateur 3-0
54%
1994 1er tour Etats-Unis Roumanie 0-1
51%
2002 1er tour Japon Tunisie 2-0
51%
1982 1er tour Espagne Honduras 1-1
37%
1982 1er tour Espagne Irlande du Nord 0-1
34%
1986 1er tour Mexique Irak 1-0
32%
Aucun quiz correspondant
Distribution des résultats
% des personnes avec chaque résultat
Percentile par nombre de réponses
Votre historique - résultats
Vous n’avez pas pris ce quiz